000
00476nam a2200133Ia 4500
008
100328s9999 xx 000 0 und d
082
_b
33983
100
_a
फुले महात्मा ज्योतिराव
245
_a
ब्राह्मणांचे कसब
260
_b
गजानन बुक डेपो
630
_a
ब्राह्मणांचे कसब
730
_a
ब्राह्मणांचे कसब
942
_c
BOOK
999
_c
524270
_d
524267